000 00935nac a22002777a 4500
001 BR9502611
003 BR-BrBNA
005 20240105121615.0
008 230509b bl.|||m| |||| 00| 0 por d
040 _aBR-BrBNA
_bpor
_cBiblioteca Nacional de Agricultura
072 _aF02
090 _aF02 BR9502611
100 1 _aLucchesi, A.A.
110 1 _aEscola Superior de Agricultura Luiz de Queiroz, Piracicaba, SP (Brasil)
110 1 _aCentro Nacional de Energia Nuclear na Agricultura, Piracicaba, SP (Brasil)
_91714
245 1 _aPropagacao de plantas atraves da alporquia
260 3 _aPiracicaba, SP (Brasil):
_c1993.
300 _a8 p.
490 _aInformativo Tecnico - ESALQ/CENA (Brazil)
_vno. 13
_xISSN 0103-9679
500 _a6 illus.
650 _aArvore Frutifera
650 _aPlanta Ornamental
650 _aPropagacao Vegetativa
909 _a202312
_bLúcia Elande
_c55
_dLúcia Elande
942 _2AGRIS
_n0
_cMS
999 _c286312
_d286312